00420nam a2200169 a 450000100060000000300090000600800410001502000150005604000280007108200090009910000120010824500250012026000400014530000090018565000230019465000330021720279CO-ViMGA141112s2004 ck r 000 u spa d a9802572551 aCO-ViMGAbspacCO-ViMGA04aYOUs1 aYoung, 10aSiete Ratones Ciegos aCaracas : bEdiciones ekare, c2001 a20p.14aCUENTOS INFANTILES14aRATONES - CUENTOS INFANTILES